000 00408cam a2200169ua 4500
020 _c3.25
041 _ahin
_h
082 _a891.54
_bSHA/MA
100 _aShakunthala, Devi .
245 _aManpasand bhojan /
_cShakunthala Devi.
_hTextual Documents
260 _aDelhi :
_bRajkamal Prakashan ,
_c1960.
300 _a196 ; .
365 _a3.25
504 _a
942 _cBK
999 _c11475
_d11475